[Event "9th HDBank Open 2019"]
[Site "Ho Chi Minh City"]
[Date "2019.03.12"]
[Round "8.11"]
[White "Nandhidhaa, P V"]
[Black "Nasanjargal, Urtnasan"]
[Result "1-0"]
[WhiteElo "2240"]
[BlackElo "2503"]
[Annotator "TA"]
[PlyCount "133"]
[EventDate "2019.03.07"]
[EventType "swiss"]
[EventCountry "VIE"]
[SourceTitle "playchess.com"]
[Source "ChessBase"]
[SourceQuality "1"]

{[%evp 14,133,33,36,28,38,33,14,56,7,35,29,41,38,52,17,13,11,1,-19,66,55,63,51,54,50,51,56,50,44,47,54,45,49,31,35,41,27,29,27,21,26,22,20,25,28,29,21,20,30,66,71,194,186,189,180,201,110,129,120,129,124,381,376,477,466,452,434,407,427,407,366,398,381,384,390,396,384,366,347,473,459,1004,1003,4144,4144,4144,25,25,25,25,25,25,25,25,8,8,8,25,8,4225,4160,4243,4153,4153,4153,4145,4145,4144,4144,4145,4137,4137,4137,4137,4137,4137,4137,4137,4137,4137,4137]} 1. Nf3 g6 2. e4 Bg7 3. d4 d6 4. Bc4 Nf6 5. Qe2 O-O 6. O-O c6 7. Bb3 a5 8. a4 b6 {B06: Modern Defence} 9. Rd1 Ba6 10. Qe1 d5 {The position is equal.} 11. Nbd2 e6 12. e5 $146 ({Predecessor:} 12. c3 c5 13. e5 Nfd7 14. Nf1 Nc6 15. Bg5 Qe8 16. Ne3 cxd4 17. cxd4 {½-½ (43) Kobalia,M (2590)-Minasian,A (2554) Dubai 2001}) 12... Ne8 13. Nf1 c5 14. c4 dxc4 15. dxc5 Qc8 16. Ba2 Nc7 (16... Qxc5 $11 17. Be3 Qb4) 17. Ne3 $14 Nd5 18. Nxd5 exd5 19. Rxd5 Nc6 20. Bd2 $1 Nb4 21. Bxb4 axb4 22. Qxb4 Bb7 23. Bxc4 Bxd5 24. Bxd5 Ra5 25. Rc1 Rxc5 26. Rxc5 Qxc5 27. Qxc5 bxc5 $11 {[%mdl 4096] Endgame KRB-KBN} 28. Kf1 Rd8 29. Bc4 Rd1+ 30. Ke2 Ra1 31. b3 Ra2+ 32. Ke3 Bf8 (32... Kf8 $16) 33. Ke4 Be7 34. Kd5 g5 35. e6 (35. Ne1 $18) 35... fxe6+ 36. Kxe6 Kf8 37. Ne5 $1 Rxf2 $2 {[%mdl 8192]} (37... Bd8 $16 {was necessary.}) 38. Nc6 $18 Rf6+ {[#]} 39. Kd7 $1 Rd6+ 40. Kc7 Rd2 41. a5 Bd6+ 42. Kc8 Rxg2 ({Reject} 42... Bxh2 43. a6 $18) 43. h3 h5 44. a6 Ra2 45. a7 Kg7 46. Kb7 Rxa7+ 47. Kxa7 ({Weaker is} 47. Nxa7 Kf6 $18) 47... g4 (47... Kf6 $142 48. Kb6 g4 49. hxg4 hxg4) 48. hxg4 hxg4 49. Kb6 Kf6 50. Na5 $2 (50. Kb5 $18 Kf5 51. Bd5) 50... Ke5 $1 $11 51. Nb7 g3 {And now ...g2 would win.} 52. Bf1 Be7 $1 53. Nxc5 Kd4 $1 54. Na4 {aiming for Bh3.} Ke3 55. Kc6 {Threatens to win with Nb6.} Kd2 (55... Kf2 $5 56. Bh3 $8 Kg1 $18) 56. Kd5 {Black must now prevent Kc4.} Kc2 $2 {[%mdl 8192] [#]} (56... Ke1 $11 57. Bh3 Kf2) 57. Kc4 $1 $18 {White is clearly winning.} Bf8 58. Bg2 Be7 59. Be4+ Kd2 60. Nc5 Ke3 61. Bd5 Kf2 62. Nd3+ Ke3 63. Ne1 Kf4 64. Ng2+ Ke5 65. Bf3 Bd8 66. b4 Bb6 67. Kb5 {Accuracy: White = 71%, Black = 46%.} 1-0

[Event "9th HDBank Open 2019"]
[Site "Ho Chi Minh City"]
[Date "2019.03.12"]
[Round "8.12"]
[White "Karthik Venkataraman"]
[Black "Rahul Srivatshav P"]
[Result "1-0"]
[WhiteElo "2494"]
[BlackElo "2400"]
[Annotator "TA"]
[PlyCount "87"]
[EventDate "2019.03.07"]
[EventType "swiss"]
[EventCountry "VIE"]
[SourceTitle "playchess.com"]
[Source "ChessBase"]
[SourceQuality "1"]

{[%evp 9,87,18,17,13,13,13,10,3,21,11,16,6,0,-10,-16,-15,-17,-15,-15,0,22,3,44,37,36,57,41,19,22,30,71,19,70,73,77,105,118,114,166,166,164,143,173,157,174,145,152,130,156,106,123,0,0,0,159,156,246,247,261,250,950,980,897,924,947,907,833,746,938,896,966,966,966,966,966,959,1187,1171,1127,1045]} 1. e4 c6 2. d4 d5 3. e5 c5 4. dxc5 e6 5. Nf3 Bxc5 6. a3 {B12: Caro-Kann: Advance Variation} Ne7 7. Bd3 Ng6 8. O-O {The position is equal.} O-O 9. Nbd2 Nc6 10. b4 Bb6 11. Bxg6 fxg6 12. Nb3 Rf5 $146 ({Predecessor:} 12... Bd7 13. Re1 {1-0 (29) Anand,V (2773)-Mamedyarov,S (2817) Wijk aan Zee 2019}) 13. Re1 Qc7 {[%cal Rc6e5]} 14. Bb2 Bd7 15. Rc1 a5 16. b5 Ne7 17. a4 Rf4 18. Bd4 Bxd4 19. Nbxd4 Rc8 20. c3 (20. c4 $16) 20... Rff8 (20... h6 $11) 21. Nb3 $14 {[%cal Bd4b3,Bb3d2,Bd2e4,Be4d6][%mdl 32]} b6 22. Nfd2 Qb8 23. c4 dxc4 (23... Qa7 $16) 24. Nxc4 $18 Nd5 25. Nbd2 g5 26. Ne4 h6 27. Ned6 Rc5 28. Qd2 Nf4 29. Qe3 Qc7 30. Qd4 (30. Kf1 $16) 30... Bc8 $1 $11 {[%cal Rc8b7]} 31. Qe4 $36 {[%mdl 2048] Black is under pressure.} Qb8 $2 (31... Bd7 $11) 32. Rc2 $16 Qc7 {[#]} (32... Bd7 $16 33. g3 Nd5) 33. Rec1 $1 $18 Nd5 {[#]} 34. Nxb6 $1 {[%mdl 512]} Nc3 $2 (34... Rxc2 35. Rxc2 Qxb6) (34... Qxb6 35. Rxc5) 35. Qe3 {White is clearly winning.} Qxb6 36. Rxc3 Rxc3 37. Rxc3 (37. Qxb6 $2 {is a self mate.} Rxc1#) 37... Qb8 38. Qc5 Bb7 39. Qb6 Bd5 40. Qxb8 Rxb8 41. Rc8+ Rxc8 42. Nxc8 Kf8 43. b6 {[%cal Bb5b6,Bb6b7][%mdl 32]} Ke8 {[#]} 44. b7 $1 {[%mdl 512] Accuracy: White = 74%, Black = 49%.} 1-0

[Event "9th HDBank Open 2019"]
[Site "Ho Chi Minh City"]
[Date "2019.03.12"]
[Round "8.13"]
[White "Nguyen, Anh Khoi"]
[Black "Pham, Chuong"]
[Result "1-0"]
[WhiteElo "2484"]
[BlackElo "2383"]
[Annotator "TA"]
[PlyCount "34"]
[EventDate "2019.03.07"]
[EventType "swiss"]
[EventCountry "VIE"]
[SourceTitle "playchess.com"]
[Source "ChessBase"]
[SourceQuality "1"]

{[%evp 1,1,17]} 1. d4 {Predecessor:} Nf6 $146 2. c4 g6 3. g3 c6 4. Bg2 d5 5. cxd5 cxd5 6. Nf3 Bg7 7. Ne5 O-O 8. Nc3 Bf5 9. O-O Ne4 10. g4 Be6 11. Nxe4 dxe4 12. Bxe4 Nc6 13. Nxc6 bxc6 14. e3 Qd7 15. Bf3 Rab8 16. b3 c5 17. Bb2 c4 {½-½ (46) Ding,L (2813)-Mamedyarov,S (2817) Wijk aan Zee 2019} 1-0

[Event "9th HDBank Open 2019"]
[Site "Ho Chi Minh City"]
[Date "2019.03.12"]
[Round "8.14"]
[White "Nguyen, Anh Dung"]
[Black "Chu, Wei Chao"]
[Result "1-0"]
[WhiteElo "2458"]
[BlackElo "2373"]
[Annotator "TA"]
[PlyCount "71"]
[EventDate "2019.03.07"]
[EventType "swiss"]
[EventCountry "VIE"]
[SourceTitle "playchess.com"]
[Source "ChessBase"]
[SourceQuality "1"]

{[%evp 19,71,7,10,2,10,21,18,7,11,16,27,0,0,0,0,0,0,0,7,-8,0,0,32,25,56,47,63,88,166,165,362,53,106,108,110,-16,10,15,141,136,139,121,213,211,396,133,221,230,534,534,29988,29989,29989,29990]} 1. e4 c5 2. Nf3 d6 3. d4 cxd4 4. Nxd4 Nf6 5. Nc3 a6 6. Be2 e5 7. Nb3 Be7 8. Bg5 Be6 9. Bxf6 Bxf6 10. Qd3 Nc6 11. O-O-O {B92: Sicilian Najdorf: 6 Be2} (11. Nd5 Bg5 12. Rd1 Rc8 13. c3 O-O 14. h3 Ne7 15. Nxe7+ Bxe7 16. Bg4 b5 17. Nd2 Qd7 18. Bxe6 fxe6 {½-½ (62) Danin,A (2543)-Jakovenko,D (2718) Minsk 2017}) 11... Nd4 12. Nxd4 exd4 13. Nd5 {The position is equal.} Bxd5 $1 14. exd5 O-O 15. Qf3 Qa5 16. Kb1 Rfe8 17. Bd3 Re5 18. h4 Qxd5 19. Qh3 $146 Rae8 20. g4 Bd8 21. g5 {[%mdl 1024] White has compensation.} Ba5 22. a3 Qc5 23. h5 Bc3 (23... Rxg5 $6 24. f4 $11) (23... Qd5 $16) 24. g6 $18 (24. bxc3 Qxa3 25. Bxh7+ (25. cxd4 $2 Qb4+ 26. Kc1 Ra5 $19) 25... Kxh7 $17) 24... Qb6 $2 (24... R5e7 {was worth a try.}) 25. b3 $2 ({White has to play} 25. gxf7+ $18 Kxf7 26. Bc4+ Kf8 27. Bb3) 25... Qc7 (25... Qa5 $14 26. Qd7 R5e7 27. Qxd6 Qc7 28. Qxc7 Rxc7) 26. Qf3 $1 $16 h6 27. Bc4 ({White should try} 27. gxf7+ $16 Qxf7 28. Qxf7+ Kxf7 29. Bg6+ {[%mdl 64] Skewer} Kg8 30. Bxe8 Rxe8 31. f4) 27... d5 28. Bxd5 {[%mdl 64] Double Attack} Kh8 (28... Rd8 $11 29. Qxf7+ (29. gxf7+ Kf8 $17) 29... Qxf7 30. Bxf7+ (30. gxf7+ Kf8 $11) 30... Kf8) 29. gxf7 Rf8 30. Rhg1 {Hoping for Qg3.} Qe7 (30... Qd7 $16 31. Bc4 (31. Bxb7 $2 Qe7 $19) 31... b5) 31. Rg6 $1 $18 Re1 $2 {[#]} ({And not} 31... Qxa3 32. Rxh6+ $1 {[%mdl 512]} gxh6 33. Qf6+ Kh7 34. Qg6+ Kh8 35. Qxh6#) (31... d3 {was necessary.} 32. Rdg1 (32. cxd3 $2 Rf5 $19) (32. Bxb7 $2 Re1 $19) 32... Re1+ 33. Ka2 Rxg1 34. Rxg1 Bf6 35. Qxd3 (35. cxd3 Qc5 $17) 35... Qe5) 32. b4 $2 $40 {[%mdl 128] White attacks with force.} (32. Ka2 $1 $18 Rxd1 33. Qxd1) 32... Qe5 (32... a5 $16 {was called for.}) 33. Rg1 {And now Rdxe1 would win.} ({Don't blunder} 33. Bxb7 $2 {[#]} Rxf7 $3 {[%mdl 512]} 34. Qd3 (34. Qxf7 {gets mated.} Rxd1+ 35. Ka2 Ra1+ 36. Kb3 Rb1+ 37. Ka2 Rb2+ {[%mdl 64] Double Attack} 38. Ka1 Qe1#) 34... Rxb7 $19) 33... Re2 $2 {[#]} (33... Rxd1+ {is a better chance.} 34. Rxd1 b6) 34. Rxg7 $1 {[%mdl 576] Clearance} Kxg7 (34... Qxg7 35. Qxe2) 35. Rg1+ Kh7 36. Qd3+ {Accuracy: White = 51%, Black = 21%.} 1-0

[Event "9th HDBank Open 2019"]
[Site "Ho Chi Minh City"]
[Date "2019.03.12"]
[Round "8.15"]
[White "Mendonca, Leon Luke"]
[Black "Wang, Shixu B"]
[Result "1/2-1/2"]
[WhiteElo "2446"]
[BlackElo "2362"]
[Annotator "TA"]
[PlyCount "83"]
[EventDate "2019.03.07"]
[EventType "swiss"]
[EventCountry "VIE"]
[SourceTitle "playchess.com"]
[Source "ChessBase"]
[SourceQuality "1"]

{[%evp 20,83,-33,-39,-1,4,38,22,43,52,104,104,107,24,24,24,56,29,33,12,0,1,77,38,38,38,40,31,31,27,30,14,14,13,12,2,26,32,50,49,65,2,8,2,11,7,19,18,20,8,858,0,556,0,508,0,571,529,557,0,839,0,783,0,725,19]} 1. d4 Nf6 2. c4 e6 3. g3 d5 4. Nf3 Nc6 5. Bg2 dxc4 6. O-O Rb8 7. Bg5 {E04: Open Catalan: 5 Nf3} (7. e3 Be7 8. Qe2 b5 9. b3 cxb3 10. axb3 O-O 11. Bd2 Bb7 12. Rc1 a6 13. Ne1 Nd5 14. Nd3 Qd7 15. Nc3 {1-0 (24) So,W (2780)-Wei,Y (2729) chess.com INT 2018}) 7... Be7 8. e3 O-O 9. Nfd2 e5 10. Bxf6 Bxf6 11. d5 {LiveBook: 4 Games} Nb4 (11... e4 $5 {[%cal Rf6b2]} 12. Qc1 Ne5 13. Nxe4 b5 $15) 12. Nxc4 $146 ({Predecessor:} 12. Nc3 b5 13. a4 a6 14. axb5 axb5 {1-0 (48) Dubov,D (2661)-Hausrath,D (2503) Berlin 2015}) 12... c6 (12... e4 $5) 13. dxc6 bxc6 {Hoping for ...Qxd1.} 14. Nbd2 Be6 (14... Qc7 $14) 15. a3 $1 $16 {[%cal Ra3b4,Ba2a3,Ba3a4][%mdl 32]} Nd5 {[#]} 16. Qc2 (16. Rc1 $1 $16) 16... Qc7 $11 17. Rac1 a5 18. Nb3 Rb5 $1 19. a4 Nb4 20. Qe2 Bxc4 (20... Rbb8 $11) 21. Qxc4 Rbb8 22. Nc5 Be7 23. Nd3 (23. Bf3 {seems wilder.} Rfd8 24. Rfd1 Rxd1+ 25. Rxd1 Rd8 26. Rxd8+ Qxd8 27. Na6) 23... Rfd8 24. Nxb4 Rxb4 25. Qxc6 Qxc6 26. Bxc6 Rxb2 27. Bb5 Rbd2 28. Rc7 Bb4 29. Rfc1 g6 30. Rc8 (30. R1c6 $14) 30... Rd1+ 31. Kg2 Rxc1 32. Rxc1 {[%mdl 4096] Endgame KRB-KRB} Rd6 33. Rc7 Re6 34. Bd7 Kg7 $2 {[%mdl 8192]} (34... Re7 $11) 35. g4 $2 (35. Bxe6 $18 Kf6 36. Bxf7) 35... Bd6 $2 {[%mdl 8192]} (35... Re7 $11 {and Black has nothing to worry.}) 36. Rb7 $2 ({White must play} 36. Rc6 $18) 36... Kf6 $2 {[%mdl 8192] [#]} (36... Re7 $11) 37. h3 $2 (37. g5+ $1 $18 {[%mdl 512]} Kxg5 38. Bxe6 fxe6 39. Rxh7) 37... h5 $2 {[%mdl 8192]} (37... Re7 $11 {and Black is okay.}) 38. gxh5 gxh5 {intending ...Re7.} 39. h4 $2 (39. Bxe6 $18 Kxe6 40. Rb6) 39... Kg6 $2 {[%mdl 8192]} (39... Re7 $11) 40. Kf1 $2 (40. Bxe6 $18 fxe6 41. Rb5) 40... f5 $2 {[%mdl 8192]} (40... Re7 $11) 41. Kg2 $2 (41. Bxe6 $18 Kf6 42. Bf7) 41... Kf6 $2 {[%mdl 8192]} (41... Re7 $11) 42. Bc6 $2 {Precision: White = 27%, Black = 27%.} ({White should try} 42. Rb6 $18 Kf7 43. Bxe6+ Kxe6 44. Ra6) 1/2-1/2

[Event "9th HDBank Open 2019"]
[Site "Ho Chi Minh City"]
[Date "2019.03.12"]
[Round "8.16"]
[White "Nguyen, Van Huy"]
[Black "Pranesh, M."]
[Result "1-0"]
[WhiteElo "2428"]
[BlackElo "2309"]
[Annotator "TA"]
[PlyCount "137"]
[EventDate "2019.03.07"]
[EventType "swiss"]
[EventCountry "VIE"]
[SourceTitle "playchess.com"]
[Source "ChessBase"]
[SourceQuality "1"]

{[%evp 13,136,8,9,9,8,0,18,28,89,7,97,78,104,98,97,90,108,101,102,104,82,93,109,106,95,109,105,107,104,111,155,150,152,101,107,114,114,89,93,96,90,93,107,85,75,85,80,77,107,106,168,131,170,181,254,0,137,0,266,215,246,253,259,93,95,31,369,343,314,306,377,273,456,446,723,581,665,625,805,798,29983,29984,29984,29985,29985,29986,29986,29987,29989,29990,29990,29991,29998,29992,29992,29985,29985,29986,29986,29987,29987,29987,29988,29989,29988,29987,29990,29991,29991,29992,29993,29994,29994,29995,29995,29995,29995,29996,29996,29997,29997,29998,29998,29999,29999]} 1. d4 Nf6 2. c4 e6 3. Nf3 d5 4. g3 Be7 5. Bg2 O-O 6. O-O dxc4 7. Qc2 b5 8. a4 {E05: Open Catalan: 5 Nf3 Be7} b4 9. Nfd2 Nd5 (9... c6 10. Nxc4 Qxd4 11. Rd1 Qc5 12. b3 Ba6 13. Nbd2 Nbd7 14. Bb2 Rad8 15. e3 Qh5 {0-1 (38) Maghsoodloo,P (2688)-Nakamura,H (2746) St Petersburg 2018}) 10. Nxc4 {The position is equal.} Nc6 (10... c5 $11 {remains equal.}) 11. Rd1 (11. e3 $1 $16) 11... Rb8 $146 (11... b3 $1 $11 {keeps the balance.} 12. Qxb3 Rb8) ({Predecessor:} 11... Ba6 12. b3 Rb8 13. Bb2 Qd7 14. e4 Bxc4 15. bxc4 b3 {½-½ (58) Sipos,I (2463)-Hess,R (2639) Pardubice 2012}) 12. b3 $1 $16 Bb7 13. e4 Nb6 14. d5 exd5 15. exd5 {[%mdl 64] Trapped Piece} Nd4 16. Rxd4 {Strongly threatening Rd1.} Bf6 17. Bb2 {Hoping for Rd3.} Bxd4 18. Bxd4 {Black must now prevent a5.} Bxd5 19. Bxb6 axb6 20. Nbd2 Bxg2 21. Kxg2 Qd5+ {[#]} 22. Nf3 $1 Rbd8 23. Rc1 (23. Ne3 $142 Qb7 24. a5) 23... Rfe8 24. Ne3 Qa8 25. Rd1 Rxd1 26. Qxd1 Rd8 27. Qc2 c5 28. Nc4 Qb7 29. h4 {[%cal Bh2h4,Bh4h5][%mdl 32]} h6 30. Qe2 Qc6 31. Qe7 Rb8 (31... Re8 $16 32. Qa7 Re6) 32. h5 f6 33. Nd6 Rf8 (33... Kh8 $142 34. g4 Kg8) 34. Nc4 ({White should try} 34. Nf5 $18 {[%csl Gf5][%cal Re7g7]} Rf7 35. Qd8+ Kh7 36. Ne7 Rxe7 37. Qxe7) 34... Rb8 $1 35. Nd6 (35. Ne3 $16) 35... Qd5 $2 {[%mdl 8192] [#]} (35... Rf8 $1 $11 {and Black stays safe.}) 36. Qc7 $1 $40 {[%cal Rc7b8][%mdl 128] White attacks with force.} Rf8 37. Nc4 Qxh5 38. Qxb6 $2 (38. Nxb6 $18 {is the precise move to win. a5 is the strong threat.} Qf7 39. Qxc5) 38... Qd5 $16 39. Qd6 (39. a5 $16) 39... Qe4 $2 {[%mdl 8192]} (39... Qxd6 $14 40. Nxd6 Rd8) 40. Qxc5 Rd8 41. Qe3 Qd5 42. Qd2 Qa8 $2 (42... Qxd2 {was called for.} 43. Nfxd2 (43. Ncxd2 Kf7 $16) 43... Kf7) 43. Qxb4 $18 g5 (43... Rd3 $142 44. Ne3 Qc6) 44. Ne3 h5 {Black hopes to continue with ...g4.} 45. g4 hxg4 46. Nxg4 {And now Qe7 would win.} Qc6 47. Qe7 {White mates.} Rd6 48. Nh6+ Kh8 49. Nf7+ {[%mdl 64] Double Attack} Kg8 50. Nxd6 g4 51. Qf7+ Kh8 52. Qh5+ {[%mdl 64] Double Attack} Kg8 53. Qxg4+ Kf8 54. Qc8+ Qxc8 55. Nxc8 Ke8 56. a5 Kd7 57. Nb6+ Kc6 58. b4 Kb5 59. Nd5 Kc4 60. a6 Kxd5 {[%mdl 4096] Endgame KN-KP} 61. a7 f5 62. a8=Q+ Kc4 63. Qc6+ Kxb4 64. Kf1 f4 65. Ke2 Ka5 66. Qb7 Ka4 67. Kd3 Ka3 68. Kc3 {[%csl Gc3][%cal Rb7b3]} Ka2 69. Qb2# {Accuracy: White = 53%, Black = 35%.} 1-0

[Event "9th HDBank Open 2019"]
[Site "Ho Chi Minh City"]
[Date "2019.03.12"]
[Round "8.17"]
[White "Pham, Le Thao Nguyen"]
[Black "Laxman, R.R."]
[Result "1/2-1/2"]
[WhiteElo "2374"]
[BlackElo "2425"]
[Annotator "TA"]
[PlyCount "34"]
[EventDate "2019.03.07"]
[EventType "swiss"]
[EventCountry "VIE"]
[SourceTitle "playchess.com"]
[Source "ChessBase"]
[SourceQuality "1"]

{[%evp 13,34,0,0,1,42,28,39,28,29,20,32,22,27,16,44,43,55,54,54,56,62,55,70]} 1. d4 Nf6 2. Nf3 b6 3. Bf4 Bb7 4. e3 g6 5. h3 Bg7 6. Be2 O-O 7. O-O c5 8. c3 {A48: 1 d4 Nf6 2 Nf3 g6: Torre, London and Colle Systems} Ba6 (8... d6 9. Bh2 Nbd7 10. a4 a6 11. Nbd2 Qc7 12. Bd3 cxd4 13. cxd4 Nd5 14. Qb3 Bh6 15. Rac1 Qb8 16. Bc4 N7f6 17. Ne4 b5 18. axb5 axb5 19. Nxf6+ Nxf6 {½-½ (33) Nisipeanu,L (2657)-Illescas Cordoba,M (2605) Barcelona 2018}) 9. Nbd2 {[%cal Bb1d2,Bd2f3,Bf3e5][%mdl 32]} Bxe2 10. Qxe2 d5 $146 ({Predecessor:} 10... d6 11. Bh2 Qc8 12. e4 Nfd7 13. e5 dxe5 14. dxe5 e6 {1-0 (29) Abrantes,T (2190)-De Andrade,I (1857) Brasilia 2015}) 11. Ne5 Nfd7 12. Ndf3 Nxe5 13. Bxe5 cxd4 14. cxd4 {White is slightly better.} Bxe5 15. Nxe5 f6 16. Nd3 Nc6 17. Rac1 Qd6 1/2-1/2

[Event "9th HDBank Open 2019"]
[Site "Ho Chi Minh City"]
[Date "2019.03.12"]
[Round "8.18"]
[White "Bulmaga, Irina"]
[Black "Miciano, John Marvin"]
[Result "0-1"]
[WhiteElo "2424"]
[BlackElo "2317"]
[Annotator "TA"]
[PlyCount "122"]
[EventDate "2019.03.07"]
[EventType "swiss"]
[EventCountry "VIE"]
[SourceTitle "playchess.com"]
[Source "ChessBase"]
[SourceQuality "1"]

{[%evp 9,122,20,18,9,18,19,34,31,28,22,31,21,43,35,33,27,18,4,19,23,31,6,39,13,31,31,35,15,50,39,70,50,64,48,71,64,57,56,58,0,0,0,0,0,0,0,0,-182,-168,-334,-129,-132,-132,-168,-110,-101,-100,-108,-109,-131,-105,-197,-213,-300,-297,-314,-314,-277,-254,-336,-342,-346,-285,-414,-296,-468,-242,-297,0,-445,-278,-373,-323,-383,-314,-328,-156,-460,-445,-401,0,-385,-315,-434,-363,-316,-314,-319,-314,-312,-297,-748,-382,-29978,-29979,-29975,-29976,-29992,-29993,-29993,-29991,-29991,-29992,-29992,-29993]} 1. e4 c6 2. d4 d5 3. exd5 cxd5 4. Bd3 Nc6 5. c3 Qc7 6. Na3 {[%cal Bb1a3,Ba3c2,Bc2e3][%mdl 32] B13: Caro-Kann: Exchange Variation and Panov-Botvinnik Attack} a6 7. Nc2 e6 (7... Nf6 8. h3 e6 9. Nf3 Bd6 10. O-O b5 11. Re1 Bb7 12. a4 bxa4 13. Rxa4 O-O {1-0 (30) Artemiev,V (2709)-Dreev,A (2670) St Petersburg 2018}) 8. Nf3 {White is slightly better.} Bd6 9. O-O Nge7 10. Re1 Bd7 $146 ({Predecessor:} 10... h6 11. Ne3 Bd7 12. a4 f6 13. h3 O-O {1-0 (50) Cornette,M (2492)-Le Roux,J (2607) Orsay 2018}) 11. Bd2 f6 12. Ne3 O-O 13. c4 dxc4 14. Bxc4 Kh8 15. Rc1 Rae8 16. h3 Qb6 17. Bb3 Bb8 18. Bc3 Qb5 19. Nc4 a5 20. Na3 Qf5 21. Bd2 Nd5 22. Nh4 Qd3 23. Bc2 $1 {[%cal Rc2d3]} Qxd4 {[%mdl 64] [#] Double Attack} 24. Re4 (24. Ng6+ $1 $14 {[%mdl 512]} Kg8 (24... hxg6 25. Bxg6) 25. Nxf8 Rxf8 26. Bc3 $1 {[%mdl 512]}) 24... Qb6 $1 $11 {[#] Hoping for ...f5.} 25. Ng6+ $1 {[%mdl 512]} Kg8 $1 (25... hxg6 $2 26. Rh4+ Kg8 27. Bxg6 $18) 26. Rh4 f5 (26... hxg6 $2 27. Bxg6 Nf4 28. Bxf4 $18) (26... Qxb2 $2 {[#]} 27. Rxh7 $1 {[%mdl 512]} Qxc2 28. Qxc2 $18) 27. Nxf8 Rxf8 28. Bb3 $2 (28. Qh5 $11 {and White stays safe.} Bg3 29. Qxh7+ Kf7 30. Qh5+ Kg8 31. Qh8+ (31. Qh7+ Kf7 $11) 31... Kf7 32. Qh5+ Kg8 33. Qh8+ (33. Qh7+ Kf7 $11) 33... Kf7 34. Qh5+) 28... Bg3 $1 $36 {[%mdl 2048] Black has strong initiative.} 29. Bxd5 $2 (29. Rhc4 {was worth a try.} Qxf2+ 30. Kh1) 29... Bxf2+ $2 ({Weaker is} 29... Bxh4 30. Be3 $11) (29... Qxf2+ $19 30. Kh1 Bxh4) 30. Kh1 $17 Bxh4 31. Nc4 Qd8 (31... Qa6 $19 32. Bf3 Rd8) 32. Bf3 Bg5 33. Bxg5 Qxg5 34. Rc2 Be8 35. Re2 (35. Nd6 $17 {is a better defense.}) 35... Qf4 $19 36. Bxc6 (36. b3 $142) 36... Bxc6 ({Less strong is} 36... bxc6 37. Qc2 $17) 37. Nxa5 Bd5 38. Nb3 Rc8 {aiming for ...Bxb3.} 39. Rc2 Rxc2 40. Qxc2 h6 41. Nc5 (41. Qe2 $142) 41... Kh7 42. a4 (42. Kg1 {was called for.}) 42... Qf1+ 43. Kh2 Qf4+ (43... Qe1 $142 44. Nd7 Bc6 45. Nf8+ Kg8) 44. Kh1 Qg3 45. Kg1 Qe1+ 46. Kh2 h5 47. Nd7 h4 (47... Bc6 $19 {and Black stays clearly on top.} 48. Nf8+ Kg8) 48. a5 $2 (48. Qc7 $17) 48... Qg3+ 49. Kg1 Qe1+ 50. Kh2 {and the idea Qc7 leaves White hopeful.} Bc6 51. Nc5 Qxa5 52. Qf2 Qd8 53. Qf4 Qf6 54. Nd3 Qh6 55. Qe5 $2 (55. Qf2) 55... Qg5 {[%csl Gc6][%cal Rg5g2]} 56. Nf4 $2 (56. Ne1 $19 Bd5 57. Nf3) 56... Qg3+ {Black mates.} 57. Kg1 {[#]} Bxg2 $1 {[%mdl 512]} 58. b4 (58. Nxg2 Qxe5) 58... Bxh3+ 59. Kh1 {[#]} Bg2+ $1 {[%mdl 64] Pin} 60. Kg1 (60. Nxg2 Qxe5) 60... Bd5+ 61. Kf1 Bc4+ {Accuracy: White = 43%, Black = 53%.} 0-1